Tratado de contratos

Wedi'i Gadw mewn:
Manylion Llyfryddiaeth
Prif Awduron: Bercovitz Rodríguez-Cano, Rodrigo (Awdur), Moralejo Imbernón, Nieves (Awdur), Quicios Molina, Susana (Awdur)
Fformat: Llyfr
Iaith:Sbaeneg
Cyhoeddwyd: Valencia Tirant Lo Blanch 2009
Rhifyn:1a. ed
Pynciau:
Tagiau: Ychwanegu Tag
Dim Tagiau, Byddwch y cyntaf i dagio'r cofnod hwn!

MARC

LEADER 00000cam a2200000 a 4500
001 UCE0836
003 CL-VaPUC
008 140307e20090000sp |||||||||||||||||spa|d
020 |a 9788498765045o.c 
020 |a 9788498764994t.1 
020 |a 9788498765007t.2 
020 |a 9788498765014t.3 
020 |a 9788498765021t.4 
020 |a 9788498765038t.5 
082 0 4 |a 346.02  |b BER  |2 21 
100 0 |a Bercovitz Rodríguez-Cano, Rodrigo  |e author  |9 573210 
700 0 |a Moralejo Imbernón, Nieves  |e author  |9 573211 
700 0 |a Quicios Molina, Susana  |e author  |9 573212 
245 1 0 |a Tratado de contratos 
250 |a 1a. ed 
300 |a t 
942 |c BK 
945 |d 20140307 11:03:00  |a dcastane 
260 |a Valencia  |b Tirant Lo Blanch  |c 2009 
500 |a t.1: concepto, límites, significación, requisitos, formación, forma, documentación, interpretación e integración, eficacia e ineficacia del contrato 
500 |a t.2: contratación con consumidores, contratos de adhesión y contratación electrónica, contratos con finalidad traslativa de dominio, contratos de cesión temporal de uso y disfrute 
500 |a t.3: contratos asociativos, contratos de prestación de servicios y realización de obras, contratos aleatorios, contratos para evitar o dirimir conflictos 
500 |a t.4: contratos de financiación, contratos de garantía, contratos sobre bienes inmateriales, contratos publicitarios, contratos turísticos 
500 |a t.5: contratos del mercado de valores, contratación bancaria, contratación de transporte y navegación, contratos de seguro 
650 0 |a Derecho privado  |9 258243 
650 0 |a Contratos  |9 255153 
583 |a last modification  |c 20140307 11:03:00  |k Rodrigo Vera 
999 |c 354852  |d 354850 
952 |0 0  |1 0  |3 erd  |4 0  |6 346_020000000000000_BER_2009  |7 0  |8 A  |9 461058  |a BIBDER  |b BIBDER  |h t.1  |i 5060559  |l 1  |o 346.02 BER 2009  |p 5060559  |r 2023-05-25  |s 2023-05-25  |w 2019-11-23  |y BK  |z Catalogado en:20140307  |k DER 
952 |0 0  |1 0  |3 erd  |4 0  |6 346_020000000000000_BER_2009  |7 0  |8 A  |9 461059  |a BIBDER  |b BIBDER  |h t.2  |i 5060567  |o 346.02 BER 2009  |p 5060567  |r 2023-01-25  |w 2019-11-23  |y BK  |z Catalogado en:20140307  |k DER 
952 |0 0  |1 0  |3 erd  |4 0  |6 346_020000000000000_BER_2009  |7 0  |8 A  |9 461060  |a BIBDER  |b BIBDER  |h t.3  |i 5060575  |o 346.02 BER 2009  |p 5060575  |r 2023-01-25  |w 2019-11-23  |y BK  |z Catalogado en:20140307  |k DER 
952 |0 0  |1 0  |3 erd  |4 0  |6 346_020000000000000_BER_2009  |7 0  |8 A  |9 461061  |a BIBDER  |b BIBDER  |h t.4  |i 5060583  |o 346.02 BER 2009  |p 5060583  |r 2023-01-25  |w 2019-11-23  |y BK  |z Catalogado en:20140307  |k DER 
952 |0 0  |1 0  |3 erd  |4 0  |6 346_020000000000000_BER_2009  |7 0  |8 A  |9 461062  |a BIBDER  |b BIBDER  |h t.5  |i 5060591  |o 346.02 BER 2009  |p 5060591  |r 2023-01-25  |w 2019-11-23  |y BK  |z Catalogado en:20140307  |k DER